Quizzes
Events
Quiz Creation
Community
Videos
Private Events
Remove Ads
Sign In
Join for FREE
Feedback
Dark Mode
Quiz Categories
Sports
Geography
Music
Movies
Television
Just For Fun
Miscellaneous
History
Literature
Language
Science
Gaming
Entertainment
Religion
Holiday
For Kids
Quiz Lab
Recent
Popular Today
Quiz Kudos Today
Editor Picks
Curator Picks
Quizzes by...
Day
Popularity
Type
Ratings
Length
Year
Community
Subscriptions
Recent Discussions
Orange Saloon
Badges
Playlists
Quests
Create
Leaderboards
Showdown
Live 5
Trivia Bingo
Activity
Puzzle Library
Sporcle Events
Private Events
Virtual Trivia
Globe League
Become a Host
Pub Owners
SporcleCon
Opinionation
Our Games
Videos
Blog
Mobile Apps
Partnerships
Remove Ads and Go Orange
Feedback
Miscellaneous
Crossword
General Knowledge
Baby Names
Logo
Food
Cars
Numbers
Grab Bag
University
College
Popular
Company
Slogans
Restaurants
Justice
Letter
Miscellaneous
Crossword
General Knowledge
Baby Names
Logo
Food
Cars
Numbers
Grab Bag
University
College
Popular
Company
Slogans
Restaurants
Justice
Letter
Random Quiz
Search Sporcle
×
Quiz Lab
Quiz Lab
Miscellaneous
Royal
Type in answers that appear in a list
Type in answers that appear in a list
Classic
Best Score? Go Orange.
Royal Wedding Commentators Stats
Can you name the Royal Wedding Commentators?
By
BenJJ
4m
16 Questions
47 Plays
47 Plays
47 Plays
Comments
Comments
Give Quiz Kudos
Give Quiz Kudos
-
- Ratings
hide this ad
More Info
Replay
Link that replays current quiz
Next Quiz
Link to next quiz in quiz playlist
You Got
0%
They Got
Avg Score
26%
Avg Friend Score
Upgrade to see
Score Distribution
Jump to the score distribution portion of the page
Score
0/16
Timer
04:00
0
Plays Today
Type
Commentator
% Correct
Family
The Queen
83%
Family
The Prince of Wales and Duchess of Cornwall
83%
Government
Prime Minister David Cameron
72.3%
Family
Michael and Carole Middleton
48.9%
Government
Deputy Prime Minister Nick Clegg
42.6%
Government
Labour Leader Ed Miliband
23.4%
Government
First Minister of Wales Carwyn Jones
12.8%
Government
Scotland's First Minister Alex Salmond
12.8%
Type
Commentator
% Correct
Organisation
Church of England
8.5%
Government
Mayor of London Boris Johnson
8.5%
Family
Countess of Wessex
6.4%
Organisation
University of St Andrews
6.4%
Company
Ladbrokes
6.4%
Organisation
Raleigh International
6.4%
Government
Anglesey County Council
2.1%
Government
House of Commons Speaker John Bercow
2.1%
Quiz Playlist
Details
Report
Send in Message
Add To Playlist
More Info:
can you name the people the BBC interviewed to comment on the upcoming wedding of William and Kate (Order is BBC's version of precendence?)
Classic:
Type in answers that appear in a list
Quiz Source
Last Updated: Feb 16, 2017
Quiz Scoreboard
CHALLENGE
Sign Up to Join the Scoreboard
Show All
Scores
Hide
Comments
May contain spoilers
Recently Published
Decade Duel: World Leaders
by jenniferyan
History
4m
Alphabetical 'K' Countries by Flag Minefield
by ylime102
Geography
3m
Pick 6: Fruits
by JohnFran
Miscellaneous
15s
More to Explore
Quiz From the Vault
Featured Blog Post
15 Basketball Trivia Facts You Can Be March Mad About
hide this ad
You Might Also Like...
Tags
commentator
Royal
Wedding
Today's Top Quizzes in Miscellaneous
Browse Miscellaneous
hide this ad
Today's Top Quizzes in Royal
Browse Royal
Top Contributed Quizzes in Miscellaneous
1
Spring Months consonants
2
The JOE quick-fire general knowledge quiz: Day 166
3
Pick 6: Vegetables
4
Pick 6: Supreme Pizza
5
Four Seasons
6
The JOE quick-fire general knowledge quiz: Day 165
7
Pick 6: University Mascots
8
Guess the 'S' Things in 3 Words
9
Sporcle Acrostic Puzzle XXXV
10
Guess the 'T' Things in 3 Words
Explore More
Trending Topics
NBA
Marvel
Disney
Anime
Harry Potter
Kpop
Crossword
Soccer
WWE
NFL
Puzzle
Country
The Office
Song
Pokémon
hide this ad
More By:
BenJJ
Quiz
Plays
Rating
Category
Featured
Created
James Bond Theme Songs
2,353
4.62
Movies
Nov 15, 2009
Dragonriders of Pern Books
1,465
4.23
Literature
Nov 7, 2009
International Airports (British Isles)
917
4.40
Geography
Aug 25, 2011
Official English
865
3.78
Geography
Feb 23, 2010
Nobel Prizes per Capita
343
4.67
Miscellaneous
Jan 30, 2010
Go to Creator's Profile
Score Distribution
Quiz Creator Spotlight
BenJJ
Follow
Send a Message
Quizzes Created
-
Created Quiz Play Count
-
More By This Creator
Popular Quizzes Today
1
Countries of Asia Without Outlines Minefield
2
Find the US States - No Outlines Minefield
3
Pick 6: Fruits
4
Alphabetical 'K' Countries by Flag Minefield
5
The Countries of the World
6
Find the Countries of Europe - No Outlines Minefield
7
Find the US States
8
US States
More Miscellaneous Quizzes
15 Categories: Letter 'Z' Blitz
Published
Trending Quizzes
Pick 6: Mountains
Pick 6: Harry Potter
Pick 6: Flags
Pick 6: NFL Teams
Pick 6: Movie Franchises
Recently Updated
Adaptations: Name the Title
pecheneg
NWSL Teams
pecheneg
Women's Final Four Teams by Year
bhenderson79
Presidents Quartet II
eogle
Anything But Clue(do)
eogle
Anything But Oceanian Capitals
eogle
Anything But 7
eogle
Anything But Thing
eogle
Word Ladder: February 29
pecheneg
Song Title Questions
pecheneg
Trending Topics
Disney
Kpop
Crossword
Marvel
Harry Potter
Anime
NBA
Song
Pokémon
Puzzle
NFL
The Office
Country
WWE
Soccer
Your Account Isn't Verified!
In order to create a playlist on Sporcle, you need to verify the email address you used during registration. Go to your
Sporcle Settings
to finish the process.
Report this User
Report this user for behavior that violates our
Community Guidelines
.
Details:
Send Report
Go to the Sporcle.com Mobile Site →
Comments